| 000 | 00812nam a22002777a 4500 | ||
|---|---|---|---|
| 008 | 130617b xxu||||| |||| 00| 0 eng d | ||
| 020 | _a0-471-16118-7 | ||
| 024 | _cAvailable | ||
| 037 | _cAvailable | ||
| 040 |
_aMBSTU LIBRARY _dMBSTU LIBRARY |
||
| 082 |
_222 _a550 SKD |
||
| 100 | _aSkinner, Brijan J. | ||
| 110 | _aStephen C Porter. | ||
| 245 | _aThe Dynamic Earth: an introduction to physical geology. | ||
| 250 | _a4th | ||
| 260 |
_aNew Delhi _bJohn Wiley and Sons. _c2000 |
||
| 300 |
_a28 cm. _bxxi, 575 page. _f2 _g28 cm. |
||
| 600 | _2Physical geology. | ||
| 650 | _2Physical geology. | ||
| 700 | _aMSkinner, Brijan J. | ||
| 710 | _aStephen C Porter. | ||
| 270 |
_aNew Delhi _bNew Delhi. _dndia |
||
| 365 |
_b9980.00 _d9980.00 |
||
| 942 |
_2ddc _cBK |
||
| 999 |
_c473 _d473 |
||